| 000 | 01574nam a2200349 i 4500 | ||
|---|---|---|---|
| 001 | 8042 | ||
| 003 | KOSZ 005 | ||
| 005 | 20170912134947.0 | ||
| 008 | 070620s1969 pl f 001 0 pol | ||
| 015 | _aPB 1969/3000 | ||
| 040 |
_aWA N _cWA N _dKOSZ 005/RW _dKOSZ 005/HR |
||
| 046 | _k1969 | ||
| 080 | _a025.45 | ||
| 100 | 1 |
_aBornsteinowa, Jadwiga _d(1877-1971). _eAutor. |
|
| 245 | 1 | 0 |
_aUniwersalna Klasyfikacja Dziesiętna / _c[Jadwiga Bornsteinowa] ; Biblioteka Narodowa. Instytut Bibliograficzny. |
| 250 |
_aWyd. skrócone dla potrzeb Przewodnika Bibliograficznego i sieci bibliotek publicznych. Aktualne na dzień 31 VII 1968 / _bprzygot. do dr. i uaktual. Henryk Sawoniak przy współpr. Bolesława Świderskiego ; indeks H. Sawoniak. |
||
| 260 |
_aWarszawa : _bStowarzyszenie Bibliotekarzy Polskich, _c1969. |
||
| 300 |
_a112, [1] s. ; _c23 cm. |
||
| 380 | _aKsiążki. | ||
| 388 | _a1901-2000 | ||
| 490 | 1 |
_aFID Publication ; _v424. |
|
| 500 | _aWg Extensions and corrections to the UKD. Series 6, nr 6 September 1968. | ||
| 504 | _aIndeks. | ||
| 650 | 4 | _aUniwersalna Klasyfikacja Dziesiętna | |
| 658 | _aBibliotekarstwo, archiwistyka, muzealnictwo | ||
| 700 | 1 |
_aSawoniak, Henryk _d(1912-2003). _eOpracowanie |
|
| 700 | 1 |
_aŚwiderski, Bolesław _d(1917-1998). _eOpracowanie |
|
| 710 | 2 |
_aStowarzyszenie Bibliotekarzy Polskich. _bWydawnictwo. _4pbl. |
|
| 830 | 0 |
_aFID Publication ; _v424. |
|
| 856 |
_uhttp://koha.tu.koszalin.pl/cgi-bin/koha/opac-detail.pl?biblionumber=8042 _yKatalog online BPK |
||
| 942 |
_2UKD _cKS |
||
| 999 |
_c8042 _d8042 |
||